| 000 | 00635nam a2200217Ia 4500 | ||
|---|---|---|---|
| 005 | 20260429112138.0 | ||
| 008 | 260429s9999||||xx |||||||||||||| ||und|| | ||
| 020 | _a9781032872810 | ||
| 041 | _aEnglish | ||
| 082 |
_a910.684 _bPIC |
||
| 100 | _aPickel, Mark L. | ||
| 245 | 0 |
_aCultural heritage tourism leadership : _bperspectives on human dignity / _cMark L. Pickel |
|
| 250 | _a1st ed. | ||
| 260 |
_aLondon : _bRoutledge, _c2025. |
||
| 300 | _axx, 235 p.; pbk | ||
| 440 | _aRoutledge cultural heritage and tourism series | ||
| 650 | _a Tourism | ||
| 650 | _aCultural heritage | ||
| 700 | _aTimothy, Dallen J. | ||
| 942 | _cTB | ||
| 999 |
_c52576 _d52576 |
||